Polovica ľudí myslí pri hypotéke na tradičné banky

Hypotéka na kúpu bytu alebo domu a výber príslušnej banky. Existuje desať hypotekárnych bánk, klienti zužujú svoj výber len na zopár najznámejších bankových domov. Konkurencia medzi bankami poskytujúcimi hypoúvery. Znalosť vybraných hypobánk. Menej známe banky musia na svojom marketingu viac zapraco...

Ausführliche Beschreibung

Gespeichert in:
Bibliographische Detailangaben
1. Verfasser: Kláseková, Martina
Format: Buchkapitel
Sprache:Slowakisch
Schlagworte:
Tags: Tag hinzufügen
Keine Tags, Fügen Sie das erste Tag hinzu!

MARC

LEADER 00000naa$a2200000$$$4500
001 0026885
005 20231009081027.6
041 0 |a slo 
044 |a SK 
245 1 0 |a Polovica ľudí myslí pri hypotéke na tradičné banky  |c Martina Kláseková 
520 |a Hypotéka na kúpu bytu alebo domu a výber príslušnej banky. Existuje desať hypotekárnych bánk, klienti zužujú svoj výber len na zopár najznámejších bankových domov. Konkurencia medzi bankami poskytujúcimi hypoúvery. Znalosť vybraných hypobánk. Menej známe banky musia na svojom marketingu viac zapracovať. Vekové zloženie klientov. Výhodnejšie podmienky by mal klient získať vo svojej hlavnej banke, ktorá ho už pozná. Vzdelanie a príjem pri poznaní hypotekárnych bánk. 
610 2 0 |a úver hypotekárny 
610 2 0 |a hypotéky 
610 2 0 |a banky hypotekárne 
610 2 0 |a kúpa 
610 2 0 |a byty 
610 2 0 |a klienti 
610 2 0 |a vek 
610 2 0 |a vzdelanie 
610 2 0 |a príjmy 
100 1 |a Kláseková, Martina